Tropicalgod/ (Record no. 4041)

MARC details
000 -LEADER
campo de control de longitud fija 01028nam a22003137a 4500
003 - IDENTIFICADOR DE NÚMERO DE CONTROL
campo de control OSt
005 - FECHA Y HORA DE LA ÚLTIMA TRANSACCIÓN
campo de control 20230712130838.0
008 - DATOS DE LONGITUD FIJA--INFORMACIÓN GENERAL
campo de control de longitud fija 221006b |||||||| |||| 00| 0 eng d
040 ## - FUENTE DE CATALOGACIÓN
Centro/agencia transcriptor Biblioteca Lado V
082 ## - NÚMERO DE LA CLASIFICACIÓN DECIMAL DEWEY
Número de clasificación 701.18
Número de ítem R918t
100 ## - ENTRADA PRINCIPAL--NOMBRE DE PERSONA
9 (RLIN) 895
Nombre de persona Rueda, Maria Isabel
Término indicativo de función/relación editor
245 ## - MENCIÓN DEL TÍTULO
Título Tropicalgod/
Resto del título Magazine/
260 ## - PUBLICACIÓN, DISTRIBUCIÓN, ETC.
Fecha de publicación, distribución, etc. 2009
Nombre del editor, distribuidor, etc. Instituto de cultura Puertorriqueña
Lugar de publicación, distribución, etc. Puerto Rico
300 ## - DESCRIPCIÓN FÍSICA
Dimensiones 16x23cm
Extensión 97p.
490 ## - MENCIÓN DE SERIE
Designación de volumen o secuencia 2009
Número Internacional Normalizado para Publicaciones Seriadas 2145 3802
505 ## - NOTA DE CONTENIDO CON FORMATO
Nota de contenido con formato Victor Albarracin
505 ## - NOTA DE CONTENIDO CON FORMATO
Nota de contenido con formato Wilson Diaz
505 ## - NOTA DE CONTENIDO CON FORMATO
Nota de contenido con formato Ana MariaMillan
505 ## - NOTA DE CONTENIDO CON FORMATO
Nota de contenido con formato Eduardo la rata Carvajal
505 ## - NOTA DE CONTENIDO CON FORMATO
Nota de contenido con formato Manuel Jaramillo
505 ## - NOTA DE CONTENIDO CON FORMATO
Nota de contenido con formato Xavier de Maria y Campos
505 ## - NOTA DE CONTENIDO CON FORMATO
Nota de contenido con formato Norman Mejia
505 ## - NOTA DE CONTENIDO CON FORMATO
Nota de contenido con formato Dick el demasiado
650 ## - PUNTO DE ACCESO ADICIONAL DE MATERIA--TÉRMINO DE MATERIA
Fuente del encabezamiento o término Tesauro de Arte & Arquitectura
Término de materia o nombre geográfico como elemento de entrada ARTE
650 ## - PUNTO DE ACCESO ADICIONAL DE MATERIA--TÉRMINO DE MATERIA
Fuente del encabezamiento o término Tesauro de Arte & Arquitectura
Término de materia o nombre geográfico como elemento de entrada ARTE CONTEMPORARIO
650 ## - PUNTO DE ACCESO ADICIONAL DE MATERIA--TÉRMINO DE MATERIA
Fuente del encabezamiento o término Tesauro de Arte & Arquitectura
Término de materia o nombre geográfico como elemento de entrada CONDICIONES CULTURALES
650 ## - PUNTO DE ACCESO ADICIONAL DE MATERIA--TÉRMINO DE MATERIA
Fuente del encabezamiento o término Tesauro de Arte & Arquitectura
Término de materia o nombre geográfico como elemento de entrada LENGUAJE
942 ## - ELEMENTOS DE ENTRADA SECUNDARIOS (KOHA)
Fuente del sistema de clasificación o colocación Clasificación Decimal Dewey
Tipo de ítem Koha Libros
Parte de la signatura que corresponde a la clasificación (Parte de la clasificación) 701.18
Parte de la signatura que identifica el ejemplar (Parte del ítem) R918t
Suprimir en OPAC No
Holdings
Estatus retirado Estado de pérdida Fuente del sistema de clasificación o colocación Especificación de materiales (volumen encuadernado u otra parte) Estado de daño No para préstamo Colección Biblioteca de origen Biblioteca actual Fecha de adquisición Número de inventario Total de préstamos Signatura topográfica completa Código de barras Visto por última vez Precio de reemplazo Tipo de ítem Koha
    Clasificación Decimal Dewey 2009     Revistas Biblioteca LadoV Biblioteca LadoV 12/07/2023 003741   701.18 R918t 003741 12/07/2023 12/07/2023 Libros